| 000 | 00507nam a2200205Ia 4500 | ||
|---|---|---|---|
| 008 | 170918s9999 xx 000 0 und d | ||
| 020 | _a9781416500247 | ||
| 050 | _bE98 2005 | ||
| 100 | _aEyre, Jane | ||
| 245 | _aCharlotte Bronte / | ||
| 245 | _cJane Eyre. | ||
| 260 | _aNew York : | ||
| 260 | _bSimon & Schuster Paperbacks, | ||
| 260 | _c2005 | ||
| 300 | _a602 pages : | ||
| 300 | _bcolored illustration ; | ||
| 300 | _c17cm. | ||
| 440 | _aSimon & Schuster enriched classic. | ||
| 500 | _a840 | ||
| 999 |
_c342119 _d342119 |
||